Science Quiz

Random Science Quiz
Score 0/24 Timer 10:00
0 Plays Today
Common name Scientific name % Correct
Colorado SprucePicea pungens
100%
Ponderosa PinePinus ponderosa
100%
Fraser FirAbies fraseri
100%
White FirAbies concolor
95.2%
Norway SprucePicea abies
95.2%
Austrian PinePinus nigra
95.2%
Scots PinePinus sylvestris
95.2%
Chinese JuniperJuniperus chinensis
95.2%
European LarchLarix decidua
90.5%
White PoplarPopulus alba
90.5%
Black LocustRobina pseudoacacia
90.5%
Colorado Blue SprucePicea pungens var. glauca
90.5%
Common name Scientific name % Correct
Jack PinePinus banksiana
85.7%
Limber PinePinus flexilis
85.7%
Siberian ElmUlmus pumila
81%
Northern CatalpaCatalpa speciosa
76.2%
Red PinePinus resinosa
76.2%
Japanese 'Cap' YewTaxus cuspidata 'Capitata'
76.2%
Douglas FirPseudotsuga menziesii
66.7%
Russian OliveElaeagnus angustifolia
61.9%
Morrow HoneysuckleLonicera morrowii
57.1%
Osage-OrangeMaclura pomifera
52.4%
Autumn-OliveElaeagnus umbellata
52.4%
Border PrivetLigustrum obtusifolium
14.3%
Remove Ads.
Support Sporcle.
Get the best of Sporcle when you Go Orange. This ad-free experience offers more features, more stats, and more fun while also helping to support Sporcle. Thank you for becoming a member.

You're not logged in!

Compare scores with friends on all Sporcle quizzes.
OR
Log In

Show Comments

Extras

Created Oct 24, 2013ReportNominate
Tags:common, Plants

Top Quizzes Today


Score Distribution

Your Account Isn't Verified!

In order to create a playlist on Sporcle, you need to verify the email address you used during registration. Go to your Sporcle Settings to finish the process.

Report this User

Report this user for behavior that violates our Community Guidelines.

Details: